Собрание сочинений. Т. 12: Завещание чудака (Запись № 9539485)
[ простой вид ]
| 000 -МАРКЕР | |
|---|---|
| контрольное поле | 01190nam2a22002651 4500 |
| 001 - ИДЕНТИФИКАТОР ЗАПИСИ | |
| контрольное поле | rc\147046 |
| 005 - ИДЕНТИФИКАТОР ВЕРСИИ | |
| контрольное поле | 20250612170653.0 |
| 010 ## - МЕЖДУНАРОДНЫЙ СТАНДАРТНЫЙ НОМЕР КНИГИ (ISBN) | |
| Номер (ISBN) | 5-7395-0015-X |
| Тираж | 100000 |
| 035 ## - ДРУГИЕ СИСТЕМНЫЕ НОМЕРА | |
| Идентификатор записи | (NLR Aleph) 008742961 |
| 100 ## - ДАННЫЕ ОБЩЕЙ ОБРАБОТКИ | |
| Данные общей обработки | 20030307d1994 |||y0rusy50 ca |
| 101 0# - ЯЗЫК РЕСУРСА | |
| Язык текста, звукозаписи и т.д. | русский |
| 102 ## - СТРАНА ПУБЛИКАЦИИ ИЛИ ПРОИЗВОДСТВА | |
| Страна публикации | Российская Федерация |
| 105 ## - ПОЛЕ КОДИРОВАННЫХ ДАННЫХ: ТЕКСТОВЫЕ МАТЕРИАЛЫ, МОНОГРАФИЧЕСКИЕ | |
| Кодированные данные о монографическом текстовом документе | a ||||||||| |
| 200 1# - ЗАГЛАВИЕ И СВЕДЕНИЯ ОБ ОТВЕТСТВЕННОСТИ | |
| Основное заглавие | Завещание чудака |
| Сведения, относящиеся к заглавию | [Роман |
| Первые сведения об ответственности | Пер. В. Барбашевой] |
| 210 ## - ПУБЛИКАЦИЯ, РАСПРОСТРАНЕНИЕ И ДР. | |
| Имя издателя, распространителя и т. д. | Фрэд |
| Дата издания, распространения и т.д. | 1994 |
| Место издания, распространения и т.д. | Б. м. |
| 215 ## - ФИЗИЧЕСКАЯ ХАРАКТЕРИСТИКА | |
| Специфическое обозначение материала и объем | 397, [2] с. |
| Другие сведения о физической характеристике | ил. |
| 300 ## - ОБЩИЕ ПРИМЕЧАНИЯ | |
| Текст примечания | На пер. только авт. и загл. тома |
| 461 #0 - УРОВЕНЬ НАБОРА | |
| Встроенное поле | 001rc\147034 |
| -- | 2001#$aСобрание сочинений$eВ 50 т.$e[Пер. с фр.]$fЖюль Верн$g[Сост. А.В. Кукаркин]$vТ. 12 |
| -- | 700#1$aВерн$bЖ.$gЖюль$f1828-1905 |
| Системный номер (АБИС) связанной записи | 7805032 |
| Автор | Верн, Ж. (1828-1905) |
| Место публикации | М. |
| Дата публикации | 1992- |
| Первые сведения об ответственности | Жюль Верн |
| Имя издателя, распространителя и т.д. | Изд. фирма "Дайджест" |
| Сведения, относящиеся к заглавию | В 50 т. : [Пер. с фр.] |
| Заглавие | Собрание сочинений |
| ISBN | 5768500383 |
| Номер тома | Т. 12 |
| 604 #1 - ИМЯ И ЗАГЛАВИЕ КАК ПРЕДМЕТ | |
| Связываемые данные | 50010$aЗавещание чудака$2psbo |
| Заглавие | Завещание чудака |
| 801 #0 - ИСТОЧНИК ЗАПИСИ | |
| Страна | Российская Федерация |
| Организация | NLR |
| Правила каталогизации | psbo |
| 801 #1 - ИСТОЧНИК ЗАПИСИ | |
| Страна | Российская Федерация |
| Организация | ELAR |
| Источник данных | rusmarc |
| 852 ## - МЕСТОНАХОЖДЕНИЕ И ШИФР ХРАНЕНИЯ | |
| Идентификатор организации | NLR |
| Шифр хранения (Call Number) | 93-3/7888 |
| 942 ## - ДОПОЛНИТЕЛЬНЫЕ ЭЛЕМЕНТЫ ЗАПИСИ (АБИС) | |
| Тип экземпляра АБИС | Книга |
| 980 ## - КОЛЛЕКЦИЯ | |
| Название коллекции | Национальная библиография |
| Тип экземпляра | Дата поступления | Библиотека постоянного хранения | Библиотека текущего хранения | Место хранения | Шифр хранения | Штрих-код | Статус экземпляра |
|---|---|---|---|---|---|---|---|
| Книга | 26.10.2013 | РНБ (Московский) | РНБ (Московский) | Русский книжный фонд: издания с 1957 года | 93-3/7888 | 8742961-10 |